[Event "AUT-chT2S 9900"]
[Site "Austria"]
[Date "2000.02.26"]
[Round "7.4"]
[White "Senoner, Erich2"]
[Black "Deutsch, Ludwig"]
[Result "1/2-1/2"]
[WhiteElo "2140"]
[BlackElo "2173"]
[Annotator "Gabriele Ballarin"]
[PlyCount "94"]
[EventDate "1999.10.??"]
[EventType "team"]
[EventRounds "11"]
[EventCountry "AUT"]
[SourceTitle "EXT 2002"]
[Source "ChessBase"]
[SourceDate "2001.11.25"]
[SourceVersion "1"]
[SourceVersionDate "2001.11.25"]
[SourceQuality "1"]

1. e4 c5 2. Nf3 Nc6 3. Nc3 e6 4. d4 cxd4 5. Nxd4 Nf6 6. g3 d5 7. Nxc6 bxc6 8. Bg2 Ba6 9. Qd4 Qb6 10. Qxb6 axb6 11. Be3 Bc5 12. Bxc5 bxc5 13. h3 Ke7 14. e5 Nd7 15. f4 g5 16. Kf2 h6 17. Rhe1 Rab8 18. b3 gxf4 19. gxf4 Rb4 20. Kf3 f6 21. exf6+ Kd6 22. Rad1 Rd4 23. h4 Rf8 24. Rxd4 cxd4 25. Ne2 c5 26. Bh3 Rxf6 27. Ng3 Nf8 28. h5 Nd7 29. Bxe6 d3 30. Nf5+ Kc7 31. cxd3 Bxd3 32. Bxd7 Kxd7 33. Ng3 Ra6 34. Rd1 c4 35. Rd2 Ke6 36. Ke3 Bb1 37. Kd4 Bxa2 38. Re2+ Kf6 39. b4 Ra3 40. b5 Rxg3 41. Rxa2 Rb3 42. Ra6+ Kf5 43. Kxd5 Rxb5+ 44. Kxc4 Rb7 45. Rxh6 Kxf4 46. Kd5 Kg5 47. Rh8 Rb6 1/2-1/2

[Event "AUT-chT2S 9900"]
[Site "Austria"]
[Date "2000.02.26"]
[Round "7.4"]
[White "Waldmann, Gerald"]
[Black "Pesorda, Ivan"]
[Result "1/2-1/2"]
[WhiteElo "2155"]
[BlackElo "2180"]
[Annotator "Gabriele Ballarin"]
[PlyCount "25"]
[EventDate "1999.10.??"]
[EventType "team"]
[EventRounds "11"]
[EventCountry "AUT"]
[SourceTitle "EXT 2002"]
[Source "ChessBase"]
[SourceDate "2001.11.25"]
[SourceVersion "1"]
[SourceVersionDate "2001.11.25"]
[SourceQuality "1"]

{16384kB, General.ctg. PentiumII} 1. e4 c5 2. Nf3 e6 3. d4 cxd4 4. Nxd4 Nf6 5. Nc3 d6 6. g3 Nc6 7. Bg2 Qc7 8. O-O Bd7 9. Ndb5 Qb8 10. a4 a6 11. Na3 Qc7 12. Nc4 Rd8 13. Bg5 1/2-1/2

[Event "AUT-chT2S 9900"]
[Site "Austria"]
[Date "2000.02.26"]
[Round "7.5"]
[White "Ceschia, Ivano"]
[Black "Mocchi, Tullio"]
[Result "0-1"]
[WhiteElo "2330"]
[BlackElo "2390"]
[Annotator "Gabriele Ballarin"]
[PlyCount "66"]
[EventDate "1999.10.??"]
[EventType "team"]
[EventRounds "11"]
[EventCountry "AUT"]
[SourceTitle "EXT 2002"]
[Source "ChessBase"]
[SourceDate "2001.11.25"]
[SourceVersion "1"]
[SourceVersionDate "2001.11.25"]
[SourceQuality "1"]

1. e4 c5 2. Nf3 e6 3. d4 cxd4 4. Nxd4 a6 5. Bd3 Nc6 6. Nxc6 dxc6 7. O-O e5 8. Qh5 Qc7 9. a4 Nf6 10. Qh4 Be7 11. Na3 O-O 12. Qg3 Be6 13. Bh6 Nh5 14. Qf3 Nf6 15. Qg3 Nh5 16. Qf3 Nf4 17. Bxf4 exf4 18. Rfe1 Qe5 19. c3 Rad8 20. Nc4 Bxc4 21. Bxc4 Rd2 22. Re2 Rfd8 23. g3 Bg5 24. h4 Bh6 25. Rxd2 Rxd2 26. Rd1 Qd6 27. Rxd2 Qxd2 28. Qh5 Qe1+ 29. Bf1 fxg3 30. fxg3 Qxg3+ 31. Bg2 Be3+ 32. Kh1 Qe1+ 33. Kh2 Bf4+ 0-1

[Event "AUT-chT2S 9900"]
[Site "Austria"]
[Date "2000.02.26"]
[Round "7.5"]
[White "Feichter, Clemens"]
[Black "Eichhorn, Alfred"]
[Result "1-0"]
[WhiteElo "2170"]
[BlackElo "2178"]
[Annotator "Gabriele Ballarin"]
[PlyCount "57"]
[EventDate "1999.10.??"]
[EventType "team"]
[EventRounds "11"]
[EventCountry "AUT"]
[SourceTitle "EXT 2002"]
[Source "ChessBase"]
[SourceDate "2001.11.25"]
[SourceVersion "1"]
[SourceVersionDate "2001.11.25"]
[SourceQuality "1"]

1. e4 e6 2. d4 d5 3. e5 c5 4. c3 Nc6 5. Nf3 Bd7 6. a3 Qb6 7. b4 cxd4 8. cxd4 Nge7 9. Nc3 Nf5 10. Na4 Qd8 11. Bb2 Rc8 12. Be2 h5 13. h4 Be7 14. g3 g6 15. Rc1 Ncxd4 16. Nxd4 Rxc1 17. Bxc1 Nxd4 18. Qxd4 Bxa4 19. Qxa7 Qd7 20. Be3 O-O 21. g4 Rc8 22. gxh5 d4 23. hxg6 dxe3 24. gxf7+ Kh8 25. Qxe3 Bf8 26. Bh5 Qc6 27. O-O Qc2 28. Qg5 Qf5 29. Qxf5 1-0

[Event "AUT-chT2S 9900"]
[Site "Austria"]
[Date "2000.02.26"]
[Round "7.5"]
[White "Jochinger, Ferdinand"]
[Black "Solinas, Carlo"]
[Result "0-1"]
[WhiteElo "2200"]
[BlackElo "2087"]
[Annotator "Gabriele Ballarin"]
[PlyCount "104"]
[EventDate "1999.10.??"]
[EventType "team"]
[EventRounds "11"]
[EventCountry "AUT"]
[SourceTitle "EXT 2002"]
[Source "ChessBase"]
[SourceDate "2001.11.25"]
[SourceVersion "1"]
[SourceVersionDate "2001.11.25"]
[SourceQuality "1"]

1. e4 e5 2. Nf3 Nc6 3. Bb5 f5 4. Bxc6 dxc6 5. Nxe5 Qd4 6. Nf3 Qxe4+ 7. Qe2 Qxe2+ 8. Kxe2 Bd6 9. Re1 Ne7 10. Kf1 O-O 11. d4 Ng6 12. c4 b6 13. Ne5 Bxe5 14. dxe5 Be6 15. b3 a5 16. Nc3 a4 17. Rb1 Rfd8 18. Nxa4 Bxc4+ 19. Kg1 Be6 20. g3 h6 21. f4 Kf7 22. Rb2 h5 23. Nc3 Rd3 24. Re3 Rad8 25. Kf2 Bc8 26. Rbe2 Ke6 27. Rxd3 Rxd3 28. Re3 Rd8 29. h4 Ba6 30. Re1 Rd3 31. Re3 Rd7 32. Re1 Ne7 33. Nb1 c5 34. Nd2 Nc6 35. Nf3 Nb4 36. Ng5+ Ke7 37. Kg1 Rd3 38. e6 Bb7 39. Kf2 Rd5 40. Kg1 Nc2 41. Re5 Rd1+ 42. Kf2 g6 43. Ke2 Rxc1 44. Kd2 Rg1 45. Kxc2 Rxg3 46. Re2 Rg4 47. Rd2 Bc6 48. Kb2 Rxf4 49. Nf7 Rd4 50. Re2 Rxh4 51. Ne5 Be8 52. Rg2 Kf6 0-1

[Event "AUT-chT2S 9900"]
[Site "Austria"]
[Date "2000.02.26"]
[Round "7.5"]
[White "Konopka, Michal"]
[Black "Rogic, Davor"]
[Result "1/2-1/2"]
[WhiteElo "2484"]
[BlackElo "2505"]
[Annotator "Gabriele Ballarin"]
[PlyCount "45"]
[EventDate "1999.10.??"]
[EventType "team"]
[EventRounds "11"]
[EventCountry "AUT"]
[SourceTitle "EXT 2002"]
[Source "ChessBase"]
[SourceDate "2001.11.25"]
[SourceVersion "1"]
[SourceVersionDate "2001.11.25"]
[SourceQuality "1"]

1. d4 d5 2. Nf3 Nf6 3. c4 c6 4. Qc2 dxc4 5. Qxc4 Bf5 6. g3 e6 7. Bg2 Be7 8. Nc3 Nbd7 9. O-O O-O 10. e3 b5 11. Qe2 b4 12. Na4 Be4 13. b3 Qa5 14. Bb2 Rac8 15. Nd2 Bxg2 16. Kxg2 c5 17. dxc5 Nxc5 18. Nc4 Qa6 19. Nxc5 Rxc5 20. e4 Rd8 21. a3 Qb7 22. axb4 Rc7 23. Bxf6 1/2-1/2

[Event "AUT-chT2S 9900"]
[Site "Austria"]
[Date "2000.02.26"]
[Round "7.5"]
[White "Reichmann, Egon"]
[Black "Sereinig, Eduard"]
[Result "1/2-1/2"]
[WhiteElo "2260"]
[BlackElo "2237"]
[Annotator "Gabriele Ballarin"]
[PlyCount "68"]
[EventDate "1999.10.??"]
[EventType "team"]
[EventRounds "11"]
[EventCountry "AUT"]
[SourceTitle "EXT 2002"]
[Source "ChessBase"]
[SourceDate "2001.11.25"]
[SourceVersion "1"]
[SourceVersionDate "2001.11.25"]
[SourceQuality "1"]

1. e4 d6 2. d4 Nf6 3. Nc3 g6 4. g3 Bg7 5. Bg2 O-O 6. Nge2 e5 7. h3 c6 8. a4 a5 9. Be3 Nbd7 10. O-O Re8 11. Qd2 exd4 12. Bxd4 Nc5 13. f3 Be6 14. Rad1 Bc4 15. b3 Bxe2 16. Nxe2 Ne6 17. Bc3 d5 18. e5 Nd7 19. f4 f6 20. f5 gxf5 21. exf6 Bxf6 22. Rxf5 Bxc3 23. Nxc3 Ng7 24. Rf4 Nc5 25. Rg4 Qe7 26. Rf1 Qe3+ 27. Rf2 Qxd2 28. Rxd2 Re3 29. Ne2 Rae8 30. Nd4 Ne4 31. Bxe4 R8xe4 32. Rxg7+ Kxg7 33. Nf5+ Kf6 34. Nxe3 Rxe3 1/2-1/2

[Event "AUT-chT2S 9900"]
[Site "Austria"]
[Date "2000.02.26"]
[Round "7.6"]
[White "Ruck, Robert"]
[Black "Bukal, Vladimir Jr"]
[Result "1/2-1/2"]
[WhiteElo "2485"]
[BlackElo "2390"]
[Annotator "Gabriele Ballarin"]
[PlyCount "30"]
[EventDate "1999.10.??"]
[EventType "team"]
[EventRounds "11"]
[EventCountry "AUT"]
[SourceTitle "EXT 2002"]
[Source "ChessBase"]
[SourceDate "2001.11.25"]
[SourceVersion "1"]
[SourceVersionDate "2001.11.25"]
[SourceQuality "1"]

{16384kB, General.ctg. PentiumII} 1. c4 c6 2. d4 d5 3. Nf3 Nf6 4. Nc3 a6 5. Ne5 e6 6. Bf4 Nbd7 7. e3 Nxe5 8. Bxe5 Bd6 9. Bxd6 Qxd6 10. c5 Qe7 11. f4 b6 12. cxb6 Qb4 13. Qb3 a5 14. Bd3 Nd7 15. O-O Nxb6 1/2-1/2

[Event "AUT-chT2S 9900"]
[Site "Austria"]
[Date "2000.02.27"]
[Round "8.1"]
[White "Arwanitakis, Michael"]
[Black "Aschenbrenner, Robert"]
[Result "1/2-1/2"]
[WhiteElo "2155"]
[BlackElo "2160"]
[Annotator "Gabriele Ballarin"]
[PlyCount "61"]
[EventDate "1999.10.??"]
[EventType "team"]
[EventRounds "11"]
[EventCountry "AUT"]
[SourceTitle "EXT 2002"]
[Source "ChessBase"]
[SourceDate "2001.11.25"]
[SourceVersion "1"]
[SourceVersionDate "2001.11.25"]
[SourceQuality "1"]

1. e4 d6 2. d4 Nf6 3. Nc3 c6 4. a4 e5 5. dxe5 dxe5 6. Qxd8+ Kxd8 7. Bc4 Bb4 8. Bd2 Ke7 9. Nf3 Bd6 10. h3 h6 11. O-O-O Be6 12. Bxe6 Kxe6 13. Ne1 Nbd7 14. Nd3 Nc5 15. Nxc5+ Bxc5 16. f3 Rad8 17. Ne2 Rd7 18. c3 Rhd8 19. Kc2 b5 20. b4 Bf8 21. axb5 cxb5 22. Be3 Rxd1 23. Rxd1 Rxd1 24. Kxd1 a6 25. Nc1 Nd7 26. Nb3 Kd6 27. Ke2 Kc6 28. Kd3 Be7 29. Na5+ Kc7 30. Nb3 Bd6 31. Kc2 1/2-1/2

[Event "AUT-chT2S 9900"]
[Site "Austria"]
[Date "2000.02.27"]
[Round "8.1"]
[White "Mitter, Gerd"]
[Black "Raffalt, Manfred"]
[Result "1/2-1/2"]
[WhiteElo "2261"]
[BlackElo "2206"]
[Annotator "Gabriele Ballarin"]
[PlyCount "31"]
[EventDate "1999.10.??"]
[EventType "team"]
[EventRounds "11"]
[EventCountry "AUT"]
[SourceTitle "EXT 2002"]
[Source "ChessBase"]
[SourceDate "2001.11.25"]
[SourceVersion "1"]
[SourceVersionDate "2001.11.25"]
[SourceQuality "1"]

1. c4 e6 2. g3 f5 3. Bg2 Nf6 4. Nf3 Be7 5. O-O O-O 6. Nc3 d6 7. d4 a5 8. Qc2 Nc6 9. e4 Nb4 10. Qe2 fxe4 11. Nxe4 Nxe4 12. Qxe4 e5 13. Ne1 Bf5 14. Qxb7 e4 15. Qb5 c5 16. dxc5 1/2-1/2

[Event "AUT-chT2S 9900"]
[Site "Austria"]
[Date "2000.02.27"]
[Round "8.1"]
[White "Petran, Pal"]
[Black "Bukal, Vladimir Jr"]
[Result "1/2-1/2"]
[WhiteElo "2371"]
[BlackElo "2390"]
[Annotator "Gabriele Ballarin"]
[PlyCount "32"]
[EventDate "1999.10.??"]
[EventType "team"]
[EventRounds "11"]
[EventCountry "AUT"]
[SourceTitle "EXT 2002"]
[Source "ChessBase"]
[SourceDate "2001.11.25"]
[SourceVersion "1"]
[SourceVersionDate "2001.11.25"]
[SourceQuality "1"]

{10240kB. Pentium} 1. d4 d5 2. c4 Nc6 3. Nc3 dxc4 4. d5 Ne5 5. f4 Nd7 6. e4 Nb6 7. a4 a5 8. Be3 e6 9. Bxb6 cxb6 10. Bxc4 Bb4 11. Nf3 exd5 12. exd5 Ne7 13. O-O O-O 14. Ne5 Nf5 15. Qd2 Nd6 16. Bd3 Bf5 1/2-1/2

[Event "AUT-chT2S 9900"]
[Site "Austria"]
[Date "2000.02.27"]
[Round "8.2"]
[White "Riemelmoser, Franz"]
[Black "Jochinger, Ferdinand"]
[Result "1/2-1/2"]
[WhiteElo "2210"]
[BlackElo "2200"]
[Annotator "Gabriele Ballarin"]
[PlyCount "24"]
[EventDate "1999.10.??"]
[EventType "team"]
[EventRounds "11"]
[EventCountry "AUT"]
[SourceTitle "EXT 2002"]
[Source "ChessBase"]
[SourceDate "2001.11.25"]
[SourceVersion "1"]
[SourceVersionDate "2001.11.25"]
[SourceQuality "1"]

1. c4 e5 2. g3 g6 3. Bg2 Bg7 4. Nc3 d6 5. e4 Ne7 6. Nge2 c5 7. a3 Nbc6 8. Rb1 O-O 9. O-O Nd4 10. b4 b6 11. d3 Be6 12. Nd5 Qd7 1/2-1/2

[Event "AUT-chT2S 9900"]
[Site "Austria"]
[Date "2000.02.27"]
[Round "8.2"]
[White "Sereinig, Eduard"]
[Black "Schein, Karl Heinz"]
[Result "1/2-1/2"]
[WhiteElo "2237"]
[BlackElo "2229"]
[Annotator "Gabriele Ballarin"]
[PlyCount "66"]
[EventDate "1999.10.??"]
[EventType "team"]
[EventRounds "11"]
[EventCountry "AUT"]
[SourceTitle "EXT 2002"]
[Source "ChessBase"]
[SourceDate "2001.11.25"]
[SourceVersion "1"]
[SourceVersionDate "2001.11.25"]
[SourceQuality "1"]

1. Nf3 d5 2. g3 c5 3. Bg2 Nf6 4. O-O e6 5. d3 Be7 6. Nbd2 Nc6 7. e4 O-O 8. c3 b5 9. Re1 a5 10. a4 Ba6 11. exd5 exd5 12. axb5 Bxb5 13. Nf1 Rb8 14. Ne3 Qd7 15. d4 cxd4 16. Nxd4 Bd8 17. Nxb5 Rxb5 18. c4 Rc5 19. Nxd5 Nxd5 20. cxd5 Nb4 21. Be3 Rc2 22. Re2 Qf5 23. Bd4 Rxe2 24. Qxe2 Nxd5 25. Qf3 Qxf3 26. Bxf3 Nb4 27. Rc1 Bf6 28. Bxf6 gxf6 29. Ra1 Nd3 30. b3 Rb8 31. Bd5 Nb4 32. Bc4 Nc6 33. Bd5 Nb4 1/2-1/2

[Event "AUT-chT2S 9900"]
[Site "Austria"]
[Date "2000.02.27"]
[Round "8.3"]
[White "Genser, Harald"]
[Black "Reichmann, Egon"]
[Result "1/2-1/2"]
[WhiteElo "2160"]
[BlackElo "2260"]
[Annotator "Gabriele Ballarin"]
[PlyCount "30"]
[EventDate "1999.10.??"]
[EventType "team"]
[EventRounds "11"]
[EventCountry "AUT"]
[SourceTitle "EXT 2002"]
[Source "ChessBase"]
[SourceDate "2001.11.25"]
[SourceVersion "1"]
[SourceVersionDate "2001.11.25"]
[SourceQuality "1"]

1. e4 c5 2. Nf3 d6 3. d4 Nf6 4. Nc3 cxd4 5. Nxd4 a6 6. g3 g6 7. Bg2 Bg7 8. O-O O-O 9. h3 Nc6 10. Be3 Bd7 11. Nb3 Ne5 12. Nd2 Rc8 13. f4 Nc4 14. Nxc4 Rxc4 15. Rf2 Qc7 1/2-1/2

[Event "AUT-chT2S 9900"]
[Site "Austria"]
[Date "2000.02.27"]
[Round "8.3"]
[White "Mocchi, Tullio"]
[Black "Pilaj, Herwig"]
[Result "1/2-1/2"]
[WhiteElo "2390"]
[BlackElo "2197"]
[Annotator "Gabriele Ballarin"]
[PlyCount "84"]
[EventDate "1999.10.??"]
[EventType "team"]
[EventRounds "11"]
[EventCountry "AUT"]
[SourceTitle "EXT 2002"]
[Source "ChessBase"]
[SourceDate "2001.11.25"]
[SourceVersion "1"]
[SourceVersionDate "2001.11.25"]
[SourceQuality "1"]

1. e4 c5 2. Nf3 e6 3. c3 d5 4. exd5 exd5 5. d4 Nc6 6. Be3 c4 7. b3 cxb3 8. axb3 Bd6 9. Bd3 Nge7 10. Bg5 O-O 11. O-O Bg4 12. Bh4 Qd7 13. Bg3 Nf5 14. Bxd6 Nxd6 15. Nbd2 Rfe8 16. Qc2 Bf5 17. Rfe1 Bxd3 18. Qxd3 Rxe1+ 19. Rxe1 Qf5 20. Qxf5 Nxf5 21. Kf1 Kf8 22. Ke2 Re8+ 23. Kd3 Rxe1 24. Nxe1 a5 25. Nc2 b5 26. c4 dxc4+ 27. bxc4 bxc4+ 28. Kxc4 Ke7 29. Kc5 Kd7 30. Nc4 Nb4 31. Nxb4 axb4 32. g4 Nh4 33. Nd2 f5 34. f3 fxg4 35. fxg4 b3 36. Nxb3 Nf3 37. h3 Ng5 38. h4 Nf3 39. h5 Nh2 40. g5 Nf3 41. Kd5 Nxg5 42. Nc5+ Ke7 1/2-1/2

[Event "AUT-chT2S 9900"]
[Site "Austria"]
[Date "2000.02.27"]
[Round "8.3"]
[White "Nickl, Klaus"]
[Black "Feichter, Clemens"]
[Result "1-0"]
[WhiteElo "2200"]
[BlackElo "2170"]
[Annotator "Gabriele Ballarin"]
[PlyCount "73"]
[EventDate "1999.10.??"]
[EventType "team"]
[EventRounds "11"]
[EventCountry "AUT"]
[SourceTitle "EXT 2002"]
[Source "ChessBase"]
[SourceDate "2001.11.25"]
[SourceVersion "1"]
[SourceVersionDate "2001.11.25"]
[SourceQuality "1"]

1. d4 g6 2. Nf3 Bg7 3. g3 d6 4. Bg2 c6 5. O-O Na6 6. Nbd2 Nf6 7. Re1 O-O 8. e4 Nc7 9. b3 Nd7 10. Bb2 c5 11. Nc4 Nb6 12. Ne3 Bd7 13. c4 Re8 14. Qc2 e6 15. dxc5 dxc5 16. Rad1 Qe7 17. Bxg7 Kxg7 18. Ne5 f6 19. Qc3 Kg8 20. Nxd7 Nxd7 21. Ng4 Rad8 22. Rxd7 Rxd7 23. Nxf6+ Kf7 24. Nxd7 Qxd7 25. Qf3+ Kg8 26. Rd1 Qe7 27. e5 Rf8 28. Qxb7 Qg7 29. Qe4 Qf7 30. Qe3 Na6 31. Rd6 Nb4 32. Qxc5 Qf5 33. Qxb4 Qxf2+ 34. Kh1 Qe2 35. h4 Rf1+ 36. Kh2 Rf2 37. Qb7 1-0

[Event "AUT-chT2S 9900"]
[Site "Austria"]
[Date "2000.02.27"]
[Round "8.3"]
[White "Petschar, Kurt"]
[Black "Konopka, Michal"]
[Result "1/2-1/2"]
[WhiteElo "2250"]
[BlackElo "2484"]
[Annotator "Gabriele Ballarin"]
[PlyCount "80"]
[EventDate "1999.10.??"]
[EventType "team"]
[EventRounds "11"]
[EventCountry "AUT"]
[SourceTitle "EXT 2002"]
[Source "ChessBase"]
[SourceDate "2001.11.25"]
[SourceVersion "1"]
[SourceVersionDate "2001.11.25"]
[SourceQuality "1"]

1. e4 d5 2. exd5 Qxd5 3. Nc3 Qa5 4. d4 c6 5. Nf3 Nf6 6. Ne5 Be6 7. Nc4 Qc7 8. Bg5 Nbd7 9. Qd2 Bxc4 10. Bxc4 e6 11. Bf4 Bd6 12. Ne2 O-O 13. Bxd6 Qxd6 14. O-O Rfd8 15. Rad1 b5 16. Bd3 Nb6 17. c3 a6 18. Qe3 Qd5 19. b3 g6 20. Rc1 Qd6 21. Rfd1 Kg7 22. c4 Nfd7 23. h3 Rac8 24. Rc2 bxc4 25. Bxc4 a5 26. Rdc1 c5 27. dxc5 Qxc5 28. Qxc5 Rxc5 29. Nf4 Ne5 30. Bf1 Rxc2 31. Rxc2 g5 32. Ne2 Nd3 33. Rd2 Nc4 34. Rd1 Ncb2 35. Rd2 Rc8 36. Nd4 e5 37. Bxd3 Nxd3 38. Rxd3 exd4 39. Rxd4 Rc5 40. Ra4 f5 1/2-1/2

[Event "AUT-chT2S 9900"]
[Site "Austria"]
[Date "2000.02.27"]
[Round "8.3"]
[White "Solinas, Carlo"]
[Black "Waldmann, Gerald"]
[Result "1/2-1/2"]
[WhiteElo "2087"]
[BlackElo "2155"]
[Annotator "Gabriele Ballarin"]
[PlyCount "49"]
[EventDate "1999.10.??"]
[EventType "team"]
[EventRounds "11"]
[EventCountry "AUT"]
[SourceTitle "EXT 2002"]
[Source "ChessBase"]
[SourceDate "2001.11.25"]
[SourceVersion "1"]
[SourceVersionDate "2001.11.25"]
[SourceQuality "1"]

1. e4 e6 2. d4 d5 3. Nc3 Bb4 4. e5 c5 5. a3 Bxc3+ 6. bxc3 Ne7 7. h4 Qc7 8. Rh3 Nbc6 9. h5 h6 10. Qg4 Bd7 11. Bd2 O-O-O 12. Qxg7 cxd4 13. cxd4 Nf5 14. Qf6 Nfxd4 15. Rc3 Kb8 16. Kd1 Ka8 17. Bf4 Qb6 18. Bc1 Nf5 19. Ke1 Qd4 20. Bb2 Qe4+ 21. Kd2 Qf4+ 22. Ke1 Qe4+ 23. Kd2 Qd4+ 24. Ke1 Qe4+ 25. Kd2 1/2-1/2

[Event "AUT-chT2S 9900"]
[Site "Austria"]
[Date "2000.02.27"]
[Round "8.4"]
[White "Pesorda, Ivan"]
[Black "Egartner, Wolfgang"]
[Result "1-0"]
[WhiteElo "2180"]
[BlackElo "2141"]
[Annotator "Gabriele Ballarin"]
[PlyCount "81"]
[EventDate "1999.10.??"]
[EventType "team"]
[EventRounds "11"]
[EventCountry "AUT"]
[SourceTitle "EXT 2002"]
[Source "ChessBase"]
[SourceDate "2001.11.25"]
[SourceVersion "1"]
[SourceVersionDate "2001.11.25"]
[SourceQuality "1"]

1. d4 d5 2. c4 e6 3. Nc3 c6 4. Nf3 dxc4 5. a4 Bb4 6. e3 b5 7. Bd2 a5 8. axb5 Bxc3 9. Bxc3 cxb5 10. b3 Bb7 11. bxc4 b4 12. Bb2 Nf6 13. Bd3 Nbd7 14. Qc2 Qc7 15. e4 e5 16. c5 exd4 17. Bxd4 O-O 18. O-O Ba6 19. e5 Bxd3 20. Qxd3 Nh5 21. Ng5 g6 22. e6 f6 23. e7 fxg5 24. exf8=Q+ Nxf8 25. g3 Ne6 26. Qe4 Ra6 27. Rfc1 Nhg7 28. c6 Nxd4 29. Qxd4 Ra8 30. Qd5+ Kh8 31. Qd7 Ne8 32. Re1 Qxd7 33. cxd7 Nf6 34. Red1 Rd8 35. Rac1 Rxd7 36. Rc8+ Kg7 37. Rxd7+ Nxd7 38. Rc7 Kf6 39. Rxd7 Kf5 40. Ra7 Ke5 41. Rxa5+ 1-0

[Event "AUT-chT2S 9900"]
[Site "Austria"]
[Date "2000.02.27"]
[Round "8.4"]
[White "Robatsch, Karl"]
[Black "Tabernig, Bernhard"]
[Result "1/2-1/2"]
[WhiteElo "2360"]
[BlackElo "2360"]
[Annotator "Gabriele Ballarin"]
[PlyCount "25"]
[EventDate "1999.10.??"]
[EventType "team"]
[EventRounds "11"]
[EventCountry "AUT"]
[SourceTitle "EXT 2002"]
[Source "ChessBase"]
[SourceDate "2001.11.25"]
[SourceVersion "1"]
[SourceVersionDate "2001.11.25"]
[SourceQuality "1"]

1. Nf3 d5 2. d4 Nf6 3. c4 e6 4. Nc3 Bb4 5. cxd5 exd5 6. Bg5 h6 7. Bxf6 Qxf6 8. Rc1 c6 9. a3 Bxc3+ 10. Rxc3 O-O 11. e3 Bg4 12. Be2 Nd7 13. O-O 1/2-1/2

[Event "AUT-chT2S 9900"]
[Site "Austria"]
[Date "2000.02.27"]
[Round "8.4"]
[White "Rudolph, Johannes"]
[Black "Krebs, Johann"]
[Result "1-0"]
[WhiteElo "2237"]
[BlackElo "2130"]
[Annotator "Gabriele Ballarin"]
[PlyCount "58"]
[EventDate "1999.10.??"]
[EventType "team"]
[EventRounds "11"]
[EventCountry "AUT"]
[SourceTitle "EXT 2002"]
[Source "ChessBase"]
[SourceDate "2001.11.25"]
[SourceVersion "1"]
[SourceVersionDate "2001.11.25"]
[SourceQuality "1"]

{10240kB. Pentium} 1. d4 Nf6 2. c4 g6 3. Nc3 d5 4. cxd5 Nxd5 5. e4 Nxc3 6. bxc3 Bg7 7. Nf3 O-O 8. Be2 c5 9. Rb1 Nc6 10. d5 Ne5 11. Nxe5 Bxe5 12. Qc2 Qc7 13. g3 Bh3 14. f4 Bg7 15. Bf3 Rab8 16. e5 Qd7 17. Be4 e6 18. dxe6 Qxe6 19. c4 Rfd8 20. Rxb7 Rxb7 21. Bxb7 f6 22. Qe4 Rd4 23. Qxd4 cxd4 24. Bd5 fxe5 25. fxe5 Bxe5 26. Bxe6+ Bxe6 27. Bf4 Bxf4 28. gxf4 Bxc4 29. a3 Bd5 1-0

[Event "AUT-chT2S 9900"]
[Site "Austria"]
[Date "2000.02.27"]
[Round "8.4"]
[White "Siklosi, Zoltan"]
[Black "Mohr, Georg"]
[Result "1/2-1/2"]
[WhiteElo "2337"]
[BlackElo "2483"]
[Annotator "Gabriele Ballarin"]
[PlyCount "24"]
[EventDate "1999.10.??"]
[EventType "team"]
[EventRounds "11"]
[EventCountry "AUT"]
[SourceTitle "EXT 2002"]
[Source "ChessBase"]
[SourceDate "2001.11.25"]
[SourceVersion "1"]
[SourceVersionDate "2001.11.25"]
[SourceQuality "1"]

{10240kB. Pentium} 1. e4 c5 2. Nf3 e6 3. d4 cxd4 4. Nxd4 Nf6 5. Nc3 Nc6 6. a3 d6 7. Be2 e5 8. Nf3 h6 9. O-O Be7 10. Re1 O-O 11. h3 Be6 12. Bf1 Nb8 1/2-1/2

[Event "AUT-chT2S 9900"]
[Site "Austria"]
[Date "2000.02.27"]
[Round "8.4"]
[White "Wurm, Christoph"]
[Black "Scheck, Rudolf"]
[Result "1/2-1/2"]
[WhiteElo "2160"]
[BlackElo "2175"]
[Annotator "Gabriele Ballarin"]
[PlyCount "47"]
[EventDate "1999.10.??"]
[EventType "team"]
[EventRounds "11"]
[EventCountry "AUT"]
[SourceTitle "EXT 2002"]
[Source "ChessBase"]
[SourceDate "2001.11.25"]
[SourceVersion "1"]
[SourceVersionDate "2001.11.25"]
[SourceQuality "1"]

1. e4 c5 2. Nf3 d6 3. d4 cxd4 4. Nxd4 Nf6 5. Nc3 a6 6. f4 e5 7. Nf3 Nbd7 8. Bd3 Be7 9. O-O O-O 10. Qe1 b5 11. a3 Nc5 12. f5 Bb7 13. Bg5 Re8 14. Qh4 d5 15. Bxf6 Bxf6 16. Qe1 Rc8 17. Qe2 Qb6 18. Kh1 dxe4 19. Bxe4 Nxe4 20. Nxe4 Bxe4 21. Qxe4 Rc4 22. Qe2 e4 23. c3 Rcc8 24. Nd2 1/2-1/2

[Event "AUT-chT2S 9900"]
[Site "Austria"]
[Date "2000.02.27"]
[Round "8.5"]
[White "Brod, Manfred"]
[Black "Demuth, Markus"]
[Result "1/2-1/2"]
[WhiteElo "2223"]
[BlackElo "2221"]
[Annotator "Gabriele Ballarin"]
[PlyCount "23"]
[EventDate "1999.10.??"]
[EventType "team"]
[EventRounds "11"]
[EventCountry "AUT"]
[SourceTitle "EXT 2002"]
[Source "ChessBase"]
[SourceDate "2001.11.25"]
[SourceVersion "1"]
[SourceVersionDate "2001.11.25"]
[SourceQuality "1"]

1. e4 e6 2. d4 d5 3. Nc3 Nf6 4. Bg5 Bb4 5. e5 h6 6. Bd2 Bxc3 7. Bxc3 Ne4 8. Ne2 b6 9. Bb4 c5 10. Ba3 Ba6 11. c3 O-O 12. Ng3 1/2-1/2

[Event "AUT-chT2S 9900"]
[Site "Austria"]
[Date "2000.02.27"]
[Round "8.5"]
[White "Buchegger, Karl"]
[Black "Sorg, Bernd"]
[Result "1/2-1/2"]
[WhiteElo "2196"]
[BlackElo "2216"]
[Annotator "Gabriele Ballarin"]
[PlyCount "40"]
[EventDate "1999.10.??"]
[EventType "team"]
[EventRounds "11"]
[EventCountry "AUT"]
[SourceTitle "EXT 2002"]
[Source "ChessBase"]
[SourceDate "2001.11.25"]
[SourceVersion "1"]
[SourceVersionDate "2001.11.25"]
[SourceQuality "1"]

1. Nf3 g6 2. g3 Bg7 3. Bg2 d6 4. c4 e5 5. Nc3 Nf6 6. b3 O-O 7. Bb2 Nc6 8. O-O Be6 9. Ng5 Bf5 10. d3 h6 11. Nge4 Qd7 12. Qd2 Kh7 13. Rfd1 Bh3 14. Bh1 Nh5 15. f3 Be6 16. Rac1 f5 17. Nf2 Bf6 18. e3 Rae8 19. Ne2 Bg7 20. f4 exf4 1/2-1/2